Indiana Jones Franchise Cast - Sudden Death - Statistics

General Stats
  • This quiz has been taken 93 times
  • The average score is 11 of 18
Answers on the Grid
Answers color-coded by a green-red scale on the quiz's grid according to % correct below.
Ke Huy Quan
Karen Allen
Sandra Oh
Heather Graham
Sean Connery
George Lazenby
Chevy Chase
Harrison Ford
Jackie Earle Haley
John Hurt
Ray Winstone
Molly Ringwald
Alison Doody
Anthony Hopkins
Ronald Lacey
Julian Glover
Oprah Winfrey
Cate Blanchett
Alfred Molina
Temuera Morrison
Dan Aykroyd
Tom Selleck
Elizabeth Banks
Shia LaBeouf
River Phoenix
Kate Capshaw
Evan Peters
Jim Broadbent
John Rhys-Davies
Roy Chiao
 
Answer Stats
Answer % Correct
Harrison Ford
98%
Sean Connery
93%
Ke Huy Quan
87%
Karen Allen
82%
Shia LaBeouf
82%
River Phoenix
74%
John Rhys-Davies
72%
Cate Blanchett
66%
Kate Capshaw
62%
Alfred Molina
61%
Ray Winstone
50%
Alison Doody
49%
John Hurt
44%
Jim Broadbent
41%
Julian Glover
39%
Ronald Lacey
39%
Roy Chiao
38%
Dan Aykroyd
32%
No matching quizzes found
Score Distribution
Percent of People with Each Score
Percentile by Number Answered
Your Score History
You have not taken this quiz